Sports Quiz

Random Sports or NFL Quiz

NFL Leaders (2010) Quiz Stats

Quiz Updated Nov 29, 2011

Also try: NFL Leaders (2008)
Challenge
Share
Tweet
Embed
Score 0/150 Timer 10:00
4 Plays Today
Statistic Player % Correct
Passing YardsPeyton Manning
98.9%
Passing TDsPeyton Manning
98.9%
Passing YardsEli Manning
98.8%
Passing TDsEli Manning
98.8%
Passing YardsTom Brady
98.3%
Passing TDsTom Brady
98.3%
Passing YardsDrew Brees
97.8%
Passing TDsDrew Brees
97.8%
Passing YardsPhillip Rivers
96.3%
Passing YardsAaron Rodgers
96.3%
Passing TDsPhillip Rivers
96.3%
Passing TDsAaron Rodgers
96.3%
Rushing YardsChris Johnson
94.7%
Rushing TDsChris Johnson
94.7%
Receiving YardsCalvin Johnson
94.7%
Receiving TDsCalvin Johnson
94.7%
Receiving YardsAndre Johnson
94.6%
Receiving TDsSteve Johnson
94.4%
SacksCharles Johnson
94.3%
Passing YardsMatt Ryan
94%
Passing TDsMatt Ryan
94%
Passing YardsCarson Palmer
92.8%
Passing TDsCarson Palmer
92.8%
Rushing YardsAdrian Peterson
92.4%
Rushing TDsAdrian Peterson
92.4%
Forced FumblesAshlee Palmer
92.2%
Rushing YardsSteven Jackson
89.5%
Punt Returning TDsDeSean Jackson
89.4%
Rushing YardsArian Foster
87.5%
Rushing TDsArian Foster
87.5%
Passing YardsMatt Schaub
87%
Rushing YardsMaurice Jones-Drew
86.7%
Passing YardsKyle Orton
85%
Rushing YardsRay Rice
84.3%
Receiving YardsLarry Fitzgerald
82%
Rushing YardsMichael Turner
81.6%
Rushing TDsMichael Turner
81.6%
Rushing YardsAhmad Bradshaw
81.3%
Rushing TDsAhmad Bradshaw
81.3%
Receiving YardsRoddy White
81.1%
Receiving TDsRoddy White
81.1%
Rushing YardsRashard Mendenhall
80.5%
Rushing TDsRashard Mendenhall
80.5%
Receiving YardsReggie Wayne
80.5%
Rushing YardsJamaal Charles
78.1%
Passing TDsJosh Freeman
77.3%
Passing TDsMatt Cassel
76.3%
Receiving YardsGreg Jennings
75.5%
Receiving TDsGreg Jennings
75.5%
Receiving YardsDwayne Bowe
74.3%
Statistic Player % Correct
Receiving TDsDwayne Bowe
74.3%
Rushing TDsBrandon Jacobs
73.3%
Punt Returning YardsDevin Hester
70.3%
Punt Returning TDsDevin Hester
70.3%
Rushing TDsPeyton Hillis
68.2%
Receiving YardsSantana Moss
67.5%
Kick Returning YardsBrad Smith
61.4%
Kick Returning TDsBrad Smith
61.4%
Receiving YardsMike Wallace
60.6%
Receiving TDsMike Wallace
60.6%
InterceptionsEd Reed
57.2%
Rushing TDsBenJarvus Green-Ellis
56.2%
SacksDeMarcus Ware
55.1%
Receiving YardsBrandon Lloyd
54.6%
Receiving TDsBrandon Lloyd
54.6%
Receiving TDsMike Williams
54.5%
Punt Returning YardsTramon Williams
54.4%
InterceptionsTramon Williams
54.4%
Fumbles RecoveredRoy Williams
54.4%
Total TacklesRay Lewis
53.7%
Fumbles RecoveredRay Lewis
53.7%
SacksClay Matthews
50.7%
Receiving TDsHakeem Nicks
48.7%
Receiving TDsJeremy Maclin
47.9%
InterceptionsTroy Polamalu
43.6%
Kick Returning YardsDarren Sproles
43%
Forced FumblesJames Harrison
40.4%
SacksJustin Tuck
38.5%
Forced FumblesJustin Tuck
38.5%
Fumbles RecoveredJustin Tuck
38.5%
InterceptionsAsante Samuel
36.6%
Rushing TDsMike Tolbert
35.8%
Kick Returning YardsLeon Washington
33.5%
Kick Returning TDsLeon Washington
33.5%
Total TacklesPatrick Willis
32.4%
Total TacklesJerod Mayo
32%
Punt Returning TDsDez Bryant
27.5%
SacksTerrell Suggs
27%
Punt Returning YardsMike Thomas
26.9%
Punt Returning TDsMike Thomas
26.9%
InterceptionsTerrell Thomas
26.9%
Forced FumblesTerrell Thomas
26.9%
SacksOsi Umenyiora
26.4%
Forced FumblesOsi Umenyiora
26.4%
SacksTamba Hali
24.7%
InterceptionsJason Allen
23.6%
InterceptionsDeAngelo Hall
23.2%
Forced FumblesJames Hall
23.1%
SacksJohn Abraham
22.6%
SacksCameron Wake
21.2%
Statistic Player % Correct
Forced FumblesCharles Woodson
21%
Total TacklesLondon Fletcher
18.2%
Fumbles RecoveredLondon Fletcher
18.2%
Kick Returning TDsPercy Harvin
18.2%
Kick Returning YardsJacoby Ford
16%
Kick Returning TDsJacoby Ford
16%
Forced FumblesDwight Freeney
15.2%
SacksJason Babin
15%
Fumbles RecoveredBrian Urlacher
15%
InterceptionsDevin McCourty
15%
Total TacklesChad Greenway
14.1%
Kick Returning YardsLaRod Stephens-Howling
14%
Kick Returning TDsLaRod Stephens-Howling
14%
Punt Returning YardsTed Ginn Jr.
13.9%
Punt Returning TDsTed Ginn Jr.
13.9%
InterceptionsAqib Talib
12%
InterceptionsJoe Haden
11.2%
Kick Returning TDsBrandon Tate
10.6%
Punt Returning YardsDanny Amendola
9.9%
Kick Returning YardsBernard Scott
9.6%
Total TacklesStephen Tulloch
9.4%
Total TacklesLawrence Timmons
9.3%
Total TacklesPaul Posluszny
9.1%
Total TacklesJames Anderson
9%
Punt Returning TDsJulian Edelman
7.6%
Kick Returning YardsMarc Mariani
7.4%
Punt Returning YardsMarc Mariani
7.4%
Punt Returning TDsMarc Mariani
7.4%
Kick Returning YardsBrandon Banks
6.6%
Kick Returning TDsBrandon Banks
6.6%
Punt Returning YardsBrandon Banks
6.6%
Kick Returning YardsStefan Logan
6.3%
Kick Returning TDsStefan Logan
6.3%
Punt Returning YardsStefan Logan
6.3%
Punt Returning TDsDexter McCluster
5.8%
Kick Returning TDsEric Weems
5.3%
Punt Returning TDsEric Weems
5.3%
Fumbles RecoveredDeon Grant
4.3%
Fumbles RecoveredKenny Phillips
4%
Total TacklesDonte Whitner
3.9%
Forced FumblesRoman Harper
3.4%
Kick Returning TDsMichael Spurlock
2.1%
Kick Returning YardsDeji Karim
1.9%
Fumbles RecoveredQuinten Mikell
1.7%
Punt Returning TDsBryan McCann
1.7%
Fumbles RecoveredKerry Rhodes
1.7%
Punt Returning YardsGreg Camarillo
1.6%
Punt Returning YardsCaptain Munnerlyn
1.3%
Forced FumblesDrew Coleman
1.3%
Fumbles RecoveredKenyon Coleman
1.3%

You're not logged in!

Compare scores with friends on all Sporcle quizzes.
Sign Up with Email
OR
Log In

You Might Also Like...

Show Comments

Extras

Top Quizzes Today


Score Distribution

Your Account Isn't Verified!

In order to create a playlist on Sporcle, you need to verify the email address you used during registration. Go to your Sporcle Settings to finish the process.